Geography Quiz

Random Geography or City Quiz

Most Well-Known Capitals on Sporcle Quiz Stats

 Plays Quiz Updated Dec 27, 2014

Challenge
Share
Tweet
Embed
Score 0/20 Timer 03:00
6 Plays Today
Rank Capital City % Correct
1.Washington, D.C.
98.6%
2.London
97.1%
3.Paris
97%
7.Berlin
89.3%
4.Mexico City
88%
9.Rome
87.5%
6.Moscow
87.1%
8.Tokyo
86.2%
5.Madrid
86.2%
11.Beijing
85.7%
Rank Capital City % Correct
14.Ottawa
73.2%
15.Lisbon
66.3%
12.Oslo
66.3%
10.Dublin
62.2%
18.Canberra
61.7%
16.Brasília
61.7%
13.Cairo
61.5%
20.Stockholm
61.2%
17.Athens
55.1%
19.Helsinki
50%

You're not logged in!

Compare scores with friends on all Sporcle quizzes.
Join for Free
OR
Log In

You Might Also Like...

Show Comments

Extras

Top Quizzes Today


Score Distribution

Your Account Isn't Verified!

In order to create a playlist on Sporcle, you need to verify the email address you used during registration. Go to your Sporcle Settings to finish the process.

Report this User

Report this user for behavior that violates our Community Guidelines.

Details: